000 00755cab a2200253 4500
001 WB3518-33
008 090401t1999 xxu||||| |||| 00| 0 eng d
035 _a(Sirsi) u93345
041 _aeng
245 _aTeleworking
260 _c1999
350 _a0
490 _aFinancial Times
_v12 May 1999, 1 & 8, 13 May 1999, 12
490 _aIndependent
_v13 May 1999, 22(6)
520 _aLooks at the pros and cons of working from home, highlighting the BT decision to turn a tenth of its UK employees into teleworkers.
650 _aBT
650 _aFLEXIBLE WORKING
650 _aTELEWORKING
650 _aVIRTUAL WORKING
650 _aWORKING PRACTICES
690 _aOFFICE SERVICES AND ADMINISTRATION
942 _n0
948 _c14/05/1999
999 _c59169
_d59169